स्वत:च स्वत:चे डॉक्टर बनण्यासाठी अॅक्युप्रेशर (Record no. 203502)

MARC details
000 -LEADER
fixed length control field 00729nam a2200181Ia 4500
008 - FIXED-LENGTH DATA ELEMENTS--GENERAL INFORMATION
fixed length control field 090201s9999 xx 000 0 und d
010 ## - LIBRARY OF CONGRESS CONTROL NUMBER
LC control number KPL-65860
040 ## - CATALOGING SOURCE
Language of cataloging मराठी
041 ## - LANGUAGE CODE
Language code of text/sound track or separate title मराठी
082 ## - DEWEY DECIMAL CLASSIFICATION NUMBER
Classification number 2408
Item number 65860
100 ## - MAIN ENTRY--PERSONAL NAME
Personal name संजय गाला
245 ## - TITLE STATEMENT
Title स्वत:च स्वत:चे डॉक्टर बनण्यासाठी अॅक्युप्रेशर
Statement of responsibility, etc संजय गाला
250 ## - EDITION STATEMENT
Edition statement 1
260 ## - PUBLICATION, DISTRIBUTION, ETC. (IMPRINT)
Date of publication, distribution, etc 1990
Name of publisher, distributor, etc जे एस् गाला प्रकाशन
300 ## - PHYSICAL DESCRIPTION
Extent 160
Other physical details मध्यम
600 ## - SUBJECT ADDED ENTRY--PERSONAL NAME
Personal name स्वत:च स्वत:चे डॉक्टर बनण्यासाठी अॅक्युप्रेशर
942 ## - ADDED ENTRY ELEMENTS (KOHA)
Koha item type Book

No items available.